000 01070nam a22002657a 4500
005 20171025125050.0
008 171025s2018 xxuad fr 1 eng d
020 _a978-0134639710 (15a.Ed.)
040 _aCo-BoUCM
_bspa
_cSaul Niño
_dSaul Niño
041 0 0 _aeng
100 1 _aLaudon, Kenneth C.
_d1944-
_933875
245 1 0 _aManagement information systems managing the digital firm
_cKenneth C. Laudon y Jane P. Laudon
250 _a15a edición
260 _aHoboken (Nueva Jersey, Estados Unidos)
_bPearson
_c2018
300 _av, 590, [6] páginas
_bilustraciones, cuadros y gráficas
504 _aIncluye referencias bibliográficas e índices y glosario
650 0 4 _aAdministración de empresas
_9435
650 0 4 _aAdministración de sistemas de información
_98581
650 0 4 _aInformación
_917580
650 0 4 _aSeguridad en computadores
_924095
650 0 4 _aSistemas de información en administración
_924623
700 1 _aLaudon, Jane P.
_944953
942 _cLIBRO
_2DEWEY
_a16
_e15
_h658.4038
_mL372ma
999 _c307884
_d307884